SOCIAL PSYCHOLOGY (Record no. 26476)

MARC details
000 -LEADER
fixed length control field 00324nam a22001577a 4500
003 - CONTROL NUMBER IDENTIFIER
control field SGT
020 ## - INTERNATIONAL STANDARD BOOK NUMBER
International Standard Book Number 9789353943455
082 ## - DEWEY DECIMAL CLASSIFICATION NUMBER
Classification number 302,ARO
100 ## - MAIN ENTRY--PERSONAL NAME
Personal name ARONSON, ELLIOT
245 ## - TITLE STATEMENT
Title SOCIAL PSYCHOLOGY
250 ## - EDITION STATEMENT
Edition statement 10TH
260 ## - PUBLICATION, DISTRIBUTION, ETC. (IMPRINT)
Place of publication, distribution, etc INDIA
Name of publisher, distributor, etc PEARSON
Year of Publication 2022
300 ## - PAGE DESCRIPTION
No. of Pages 668
650 ## - SUBJECT ADDED ENTRY--TOPICAL TERM
Topical term or geographic name as entry element PSYCHOLOGY
942 ## - ADDED ENTRY ELEMENTS (KOHA)
Source of classification or shelving scheme Dewey Decimal Classification
Koha item type Books
942 ## - ADDED ENTRY ELEMENTS (KOHA)
-- 10
Holdings
Withdrawn status Lost status Source of classification or shelving scheme Damaged status Use restrictions Not for loan Collection code Home library Current library Shelving location Date acquired Vendor Name Cost, normal purchase price SGTU Bill Number Full call number Accession No. (Barcode) Date last seen Bill Date Koha item type Total Checkouts Date last borrowed
    Dewey Decimal Classification   Restricted Access Not For Loan ENGINEERING SGT Engineering Library SGT Engineering Library Reference Book 20/06/2024 SAVERA BOOK DISTRIBUTORS 790.00 SGTU 24/25/CRB/164 302,ARO FE9073 20/06/2024   Books    
    Dewey Decimal Classification       ENGINEERING SGT Engineering Library SGT Engineering Library Text Book 20/06/2024 SAVERA BOOK DISTRIBUTORS 790.00 SGTU 24/25/CRB/164 302,ARO FE9074 06/11/2025   Books 2 31/10/2025
    Dewey Decimal Classification       ENGINEERING SGT Engineering Library SGT Engineering Library Text Book 20/06/2024 SAVERA BOOK DISTRIBUTORS 790.00 SGTU 24/25/CRB/164 302,ARO FE9075 23/04/2026   Books 7 28/03/2026
    Dewey Decimal Classification       ENGINEERING SGT Engineering Library SGT Engineering Library Text Book 20/06/2024 SAVERA BOOK DISTRIBUTORS 790.00 SGTU 24/25/CRB/164 302,ARO FE9076 03/11/2025   Books 4 31/10/2025